Library of the University of Algiers 3
Ibrahim Sultan Cheibout
شعار جامعة الجزائر 3
مكتبة جامعة الجزائر 3
إبراهيم سلطان شيبوط

العلاقات العامة والعولمة / (رقم التسجيلة. 45669)

تفاصيل مارك
000 -LEADER
fixed length control field 01319nam a2200241Ia 4500
003 - CONTROL NUMBER IDENTIFIER
control field Ost
005 - DATE AND TIME OF LATEST TRANSACTION
control field 20260507075654.0
008 - FIXED-LENGTH DATA ELEMENTS--GENERAL INFORMATION
fixed length control field 260507s9999||||xx |||||||||||||| ||und||
020 ## - INTERNATIONAL STANDARD BOOK NUMBER
International Standard Book Number 995738001X
040 ## - CATALOGING SOURCE
Transcribing agency fsecg
041 ## - LANGUAGE CODE
Language code of text/sound track or separate title ara
082 ## - DEWEY DECIMAL CLASSIFICATION NUMBER
Classification number 659.2
100 ## - MAIN ENTRY--PERSONAL NAME
Personal name الحليمي، عبد الرزاق
Relator term مؤلف
245 #0 - TITLE STATEMENT
Title العلاقات العامة والعولمة /
Statement of responsibility, etc. عبد الرزاق الحليمي
260 ## - PUBLICATION, DISTRIBUTION, ETC.
Place of publication, distribution, etc. عمان:
Name of publisher, distributor, etc. دار جرير للنشر,
Date of publication, distribution, etc. 2004
300 ## - PHYSICAL DESCRIPTION
Extent 176 صفحة؛
Other physical details إيضاحات ؛
Dimensions 24 سم
504 ## - BIBLIOGRAPHY, ETC. NOTE
Bibliography, etc. note المراجع ص.167
520 ## - SUMMARY, ETC.
Summary, etc. أهمية العلاقات العامة، مراحل نشأة العلاقات العامة، الاطار العام لمواصفات العاملين بالعلاقات العامة، مفاهيم لها علاقة بالعلاقات العامة، الصورة الذهنية في العلاقات العامة، العلاقات العامة والدبلوماسية، العلاقات العامة والعولمة، العلاقات العامة في المجال الدولي، دور العلاقات العامة في المؤتمرات.
653 ## - INDEX TERM--UNCONTROLLED
Uncontrolled term الاتصال الجماهيري
653 ## - INDEX TERM--UNCONTROLLED
Uncontrolled term العلاقات العامة
653 ## - INDEX TERM--UNCONTROLLED
Uncontrolled term العلاقات العامة- العولمة
942 ## - ADDED ENTRY ELEMENTS (KOHA)
Koha item type كتب

لا توجد مواد متاحة.

موارد الويب المفتوحة


© University of Algiers 3 All Rights Reserved
|
Implemented by LECHELAH Riad